[Event "Torredembarra op"]
[Site "Torredembarra"]
[Date "2014.07.13"]
[Round "9"]
[White "Midonet, M."]
[Black "Farran Martos, FX."]
[Result "0-1"]
[WhiteElo "2161"]
[BlackElo "2314"]
[PlyCount "30"]
[EventDate "2014.07.05"]
[EventType "swiss"]
[EventRounds "9"]
[EventCountry "ESP"]
[Source "Chessbase"]
[SourceDate "2014.07.18"]

1. e4 c5 2. b3 e6 3. Nf3 d5 4. exd5 exd5 5. Bb5+ Nc6 6. O-O Bd6 7. Bb2 Nf6 8.
Re1+ Be6 9. Ng5 O-O 10. Rxe6 fxe6 11. Nxe6 Bxh2+ 12. Kh1 Qd6 13. Nxf8 Ne4 14.
Qe1 Rxf8 15. f3 Qh6 0-1

[Event "Torredembarra op"]
[Site "Torredembarra"]
[Date "2014.07.13"]
[Round "9"]
[White "Perez Mitjans, O."]
[Black "Galimany Rovira, X."]
[Result "1-0"]
[WhiteElo "2414"]
[BlackElo "2017"]
[PlyCount "65"]
[EventDate "2014.07.05"]
[EventType "swiss"]
[EventRounds "9"]
[EventCountry "ESP"]
[Source "Chessbase"]
[SourceDate "2014.07.18"]

1. e4 c5 2. Nf3 d6 3. d4 cxd4 4. Nxd4 Nf6 5. Nc3 g6 6. Be3 Bg7 7. f3 Nc6 8. Qd2
O-O 9. g4 e6 10. O-O-O d5 11. Bb5 Nxd4 12. Bxd4 dxe4 13. g5 Nh5 14. Bc5 Qxd2+
15. Rxd2 Bxc3 16. bxc3 e3 17. Rdd1 e2 18. Rd2 a6 19. Bxf8 Kxf8 20. Rd8+ Kg7 21.
Bxe2 b5 22. Bd3 Bb7 23. Rxa8 Bxa8 24. Be4 Bxe4 25. fxe4 Nf4 26. h4 f6 27. Kd2
e5 28. c4 bxc4 29. gxf6+ Kxf6 30. Rb1 Ng2 31. Rb6+ Kg7 32. Rxa6 Nxh4 33. a4 1-0

[Event "Torredembarra op"]
[Site "Torredembarra"]
[Date "2014.07.13"]
[Round "9"]
[White "Viñas Racionero, JC."]
[Black "Umudova, N."]
[Result "0-1"]
[WhiteElo "2010"]
[BlackElo "2210"]
[PlyCount "48"]
[EventDate "2014.07.05"]
[EventType "swiss"]
[EventRounds "9"]
[EventCountry "ESP"]
[Source "Chessbase"]
[SourceDate "2014.07.18"]

1. e4 c6 2. Ne2 d5 3. e5 d4 4. Ng3 Qd5 5. Qe2 g5 6. h4 g4 7. d3 Nd7 8. Bf4 Bh6
9. c4 Qa5+ 10. b4 Qxb4+ 11. Bd2 Qb2 12. Bxh6 Qxa1 13. Qc2 Nxh6 14. Ne4 b5 15.
Be2 bxc4 16. O-O Rb8 17. Qxc4 Rxb1 18. Qxc6 Rxf1+ 19. Bxf1 O-O 20. Qxh6 Nxe5
21. Qg5+ Ng6 22. h5 f6 23. Qd5+ Kg7 24. g3 Ne5 0-1

[Event "Figueres op"]
[Site "Figueres"]
[Date "2014.08.17"]
[Round "8.1"]
[White "Sanchez Enriquez, OG."]
[Black "Gomez Garrido, C."]
[Result "1/2-1/2"]
[WhiteElo "2374"]
[BlackElo "2496"]
[PlyCount "155"]
[EventDate "2014.08.??"]
[EventType "swiss"]
[EventRounds "9"]
[EventCountry "ESP"]

1. d4 d5 2. Nf3 c6 3. c4 Nf6 4. Nc3 a6 5. c5 g6 6. h3 Bg7 7. Bf4 O-O 8. e3 Nbd7
9. Be2 Ne4 10. O-O e5 11. Nxe5 Bxe5 12. Bxe5 Nxe5 13. Nxe4 dxe4 14. dxe5 Qg5
15. Qd4 Re8 16. Qxe4 Rxe5 17. h4 Qe7 18. Qf4 Rxc5 19. Rac1 Re5 20. Bf3 Bf5 21.
Rfd1 Re8 22. b4 Be4 23. Rd4 Bxf3 24. Qxf3 Re4 25. Rcc4 Rxd4 26. Rxd4 Rd8 27.
Qd1 Rxd4 28. Qxd4 h5 29. a4 a5 30. bxa5 c5 31. Qc4 Qc7 32. Kf1 Qxa5 33. Ke2 b6
34. g3 Qa8 35. Qb5 Qd8 36. Qc6 Kg7 37. Ke1 Qb8 38. Ke2 Qa7 39. Qb5 Qc7 40. Qc4
Qd7 41. Ke1 Qf5 42. Qb5 Qf6 43. Ke2 Qe6 44. Ke1 Kg8 45. a5 bxa5 46. Qxa5 Qc4
47. Qd8+ Kg7 48. Qd6 Qc2 49. Qe5+ Kh7 50. Qf6 Qb1+ 51. Ke2 Qa2+ 52. Ke1 Qa5+
53. Ke2 Qa2+ 54. Ke1 Kg8 55. Qe5 Qb1+ 56. Ke2 Qc2+ 57. Ke1 c4 58. Qe8+ Kg7 59.
Qe5+ Kh7 60. Qf6 Qb1+ 61. Kd2 Qd3+ 62. Ke1 Kg8 63. Qd4 Qb3 64. Kd2 Qa2+ 65. Ke1
Qb1+ 66. Kd2 Qf5 67. Ke1 Qb5 68. Kd2 Qb3 69. Qd8+ Kh7 70. Qf6 Qa2+ 71. Ke1 Qa5+
72. Ke2 Kg8 73. Qd4 Qb5 74. Kd2 Qf5 75. Ke1 Qb1+ 76. Kd2 Qa2+ 77. Ke1 Qc2 78.
Qd8+ 1/2-1/2

[Event "Figueres op"]
[Site "Figueres"]
[Date "2014.08.18"]
[Round "9.4"]
[White "Kohlweyer, B."]
[Black "Aloma Vidal, R."]
[Result "1/2-1/2"]
[WhiteElo "2422"]
[BlackElo "2403"]
[PlyCount "25"]
[EventDate "2014.08.??"]
[EventType "swiss"]
[EventRounds "9"]
[EventCountry "ESP"]

1. d4 Nf6 2. c4 e6 3. Nf3 Bb4+ 4. Nbd2 b6 5. e3 Bb7 6. Bd3 c5 7. O-O O-O 8.
dxc5 Bxc5 9. b3 d5 10. Bb2 Nbd7 11. Qe2 Qe7 12. cxd5 Nxd5 13. a3 1/2-1/2

[Event "La Pobla de Lillet op"]
[Site "La Pobla de Lillet"]
[Date "2014.08.10"]
[Round "9.2"]
[White "Movsziszian, K."]
[Black "Breuker, DM."]
[Result "1-0"]
[WhiteElo "2509"]
[BlackElo "2061"]
[PlyCount "64"]
[EventDate "2014.08.??"]
[EventType "swiss"]
[EventRounds "9"]
[EventCountry "ESP"]

1. g3 d5 2. Bg2 Nf6 3. d3 c6 4. Nf3 Bg4 5. Nbd2 Nbd7 6. O-O e5 7. h3 Bh5 8. e4
dxe4 9. dxe4 Be7 10. Qe1 O-O 11. Nc4 Qc7 12. Nh4 Rfe8 13. a4 Nc5 14. b4 Ne6 15.
Nf5 Bf8 16. c3 Nd7 17. h4 f6 18. Bd2 Nb6 19. Nfe3 Rad8 20. a5 Nxc4 21. Nxc4 a6
22. Rb1 Qd7 23. Be3 c5 24. Nb6 Qd3 25. Qc1 cxb4 26. cxb4 Nd4 27. Bxd4 Qxd4 28.
Qc2 Kh8 29. Qb3 Qd3 30. Qa4 Be2 31. Rfc1 Qb5 32. Qxb5 Bxb5 {(...irrep)} 1-0

[Event "Ciutat de Sabadell op"]
[Site "Sabadell"]
[Date "2014.09.10"]
[Round "9.1"]
[White "Vehi Bach, VM."]
[Black "Sandipan, C."]
[Result "1/2-1/2"]
[WhiteElo "2324"]
[BlackElo "2619"]
[PlyCount "124"]
[EventDate "2014.09.??"]
[EventType "swiss"]
[EventRounds "9"]
[EventCountry "ESP"]
[Source "Mark Crowther"]
[SourceDate "2014.09.15"]

1. e4 e5 2. Nf3 Nc6 3. Nc3 Nf6 4. Bb5 Bc5 5. O-O O-O 6. Nxe5 Nxe5 7. d4 Bd6 8.
f4 Nc6 9. e5 Be7 10. exf6 Bxf6 11. d5 Nb4 12. Kh1 c6 13. Bc4 b6 14. Ne4 Nxd5
15. Bxd5 cxd5 16. Qxd5 Ba6 17. Rd1 Rc8 18. c3 Rc7 19. Be3 Be7 20. Nd6 Bxd6 21.
Qxd6 Re8 22. Re1 Rc6 23. Qd4 Rce6 24. Bf2 Bb7 25. Re5 Qa8 26. Rg1 h6 27. Bg3 d6
28. Rxe6 Rxe6 29. Qd2 f5 30. Re1 Be4 31. Kg1 Rg6 32. Re2 Qc6 33. b3 b5 34. Be1
Bf3 35. Rf2 Kh7 36. Kf1 Be4 37. Re2 a6 38. Kg1 Bf3 39. Rf2 Qe4 40. Kf1 Bh5 41.
Qc2 d5 42. Qxe4 dxe4 43. Rd2 Re6 44. Rd5 Kg6 45. h3 Re8 46. Rd6+ Kh7 47. Rd5
Bg6 48. Ke2 e3 49. g4 fxg4 50. hxg4 Bb1 51. Re5 Rxe5 52. fxe5 Bxa2 53. b4 Be6
54. g5 hxg5 55. Kxe3 Kg6 56. Kf2 Kf5 57. Kg3 Ke4 58. Bf2 g6 59. Bb6 Kxe5 60.
Bd4+ Kd5 61. Bf6 Kc4 62. Bh8 Bf5 1/2-1/2

[Event "Ciutat de Sabadell op"]
[Site "Sabadell"]
[Date "2014.09.10"]
[Round "9.2"]
[White "Alonso Rosell, A."]
[Black "Aroshidze, L."]
[Result "1/2-1/2"]
[WhiteElo "2535"]
[BlackElo "2531"]
[PlyCount "62"]
[EventDate "2014.09.??"]
[EventType "swiss"]
[EventRounds "9"]
[EventCountry "ESP"]
[Source "Mark Crowther"]
[SourceDate "2014.09.15"]

1. d4 Nf6 2. Bg5 c5 3. Nc3 d5 4. Bxf6 exf6 5. e3 Be6 6. Nge2 Nc6 7. g3 cxd4 8.
exd4 Bd6 9. Bg2 Ne7 10. O-O O-O 11. Qd2 Rc8 12. Nd1 h5 13. c3 Qc7 14. Ne3 g6
15. Nc1 h4 16. Nd3 Kg7 17. f4 hxg3 18. hxg3 Qd7 19. Bf3 Rh8 20. Kf2 Nf5 21. Rh1
Nxe3 22. Qxe3 Bf5 23. Rxh8 Rxh8 24. Rh1 Rxh1 25. Bxh1 Qb5 26. Ke2 Bxd3+ 27.
Qxd3 Qxb2+ 28. Qd2 Qb5+ 29. Qd3 Qb2+ 30. Qd2 Qb5+ 31. Qd3 Qb2+ 1/2-1/2

[Event "Ciutat de Sabadell op"]
[Site "Sabadell"]
[Date "2014.09.10"]
[Round "9.3"]
[White "Martinez Alcantara, JE."]
[Black "Gonzalez Rodriguez, JA."]
[Result "1/2-1/2"]
[WhiteElo "2388"]
[BlackElo "2383"]
[PlyCount "82"]
[EventDate "2014.09.??"]
[EventType "swiss"]
[EventRounds "9"]
[EventCountry "ESP"]
[Source "Mark Crowther"]
[SourceDate "2014.09.15"]

1. e4 e6 2. d4 d5 3. Nc3 Bb4 4. e5 b6 5. a3 Bf8 6. Nf3 c5 7. Bg5 Qd7 8. Bb5 Nc6
9. dxc5 bxc5 10. O-O Bb7 11. b4 a6 12. Ba4 cxb4 13. axb4 Bxb4 14. Ne2 Bc5 15.
c4 d4 16. Nexd4 Nge7 17. Rb1 Rc8 18. Qb3 Ba8 19. Rfd1 Qc7 20. Bxe7 Bxe7 21.
Nxc6 Bxc6 22. Nd4 Bxa4 23. Qxa4+ Kf8 24. Qxa6 g6 25. Nf3 Kg7 26. g3 Rhd8 27.
Rxd8 Bxd8 28. Rc1 Be7 29. Kg2 Rb8 30. Rc2 Bc5 31. Re2 Rb4 32. Qa2 Qb7 33. Qc2
Rb3 34. Qe4 Qxe4 35. Rxe4 Rb2 36. Nd4 Rd2 37. Ne2 Kf8 38. f3 h5 39. h4 Kg7 40.
Kh3 Rd3 41. Kg2 Rd2 1/2-1/2

[Event "Ciutat de Sabadell op"]
[Site "Sabadell"]
[Date "2014.09.10"]
[Round "9.4"]
[White "Asensio Liñan, T."]
[Black "Gomez Jurado, LA."]
[Result "0-1"]
[WhiteElo "2130"]
[BlackElo "2348"]
[PlyCount "90"]
[EventDate "2014.09.??"]
[EventType "swiss"]
[EventRounds "9"]
[EventCountry "ESP"]
[Source "Mark Crowther"]
[SourceDate "2014.09.15"]

1. d4 Nf6 2. Nc3 d5 3. Bg5 c6 4. Qd3 Nbd7 5. g3 h6 6. Bf4 e6 7. Nf3 Bb4 8. a3
Bxc3+ 9. Qxc3 Ne4 10. Qd3 Qb6 11. Rb1 c5 12. c4 O-O 13. b4 cxb4 14. c5 Qd8 15.
axb4 a5 16. b5 a4 17. b6 a3 18. Bc7 Qe7 19. Qc2 e5 20. Bh3 exd4 21. c6 a2 22.
Ra1 Nxb6 23. Bxc8 Raxc8 24. Bxb6 Qb4+ 25. Kf1 Qxb6 26. Kg2 Rxc6 27. Qxa2 d3 28.
exd3 Nc3 29. Qa7 Qxa7 30. Rxa7 Rb8 31. Nd4 Rc7 32. Rc1 Rbc8 33. Ra5 b5 34. Kf3
b4 35. Ne2 Nxe2 36. Rxc7 Ng1+ 37. Kg2 Rxc7 38. Kxg1 Rb7 39. Kf1 b3 40. Ra8+ Kh7
41. Ra1 Kg6 42. Ke2 b2 43. Rb1 Kf5 44. Ke3 Rb4 45. f4 Kg4 0-1

[Event "Ciutat de Sabadell op"]
[Site "Sabadell"]
[Date "2014.09.10"]
[Round "9.5"]
[White "Colon Garcia, E."]
[Black "Ramirez Carrizo, V."]
[Result "1-0"]
[WhiteElo "2343"]
[BlackElo "2098"]
[PlyCount "61"]
[EventDate "2014.09.??"]
[EventType "swiss"]
[EventRounds "9"]
[EventCountry "ESP"]
[Source "Mark Crowther"]
[SourceDate "2014.09.15"]

1. e4 e5 2. Nf3 Nc6 3. Bb5 a6 4. Ba4 Nf6 5. d3 b5 6. Bb3 Bc5 7. O-O h6 8. c3 d6
9. a4 Rb8 10. h3 O-O 11. d4 Bb6 12. Be3 Re8 13. Nbd2 Na5 14. Ba2 exd4 15. cxd4
Nxe4 16. Nxe4 Rxe4 17. Bb1 Re6 18. axb5 axb5 19. Qd3 Rg6 20. Qxb5 Bd7 21. Qh5
Rf6 22. Rxa5 Bxa5 23. Qxa5 Rb5 24. Qa6 Rh5 25. Nh2 Bb5 26. Qa5 g6 27. Rc1 Bd3
28. Qd2 Bxb1 29. Rxb1 Rb5 30. Ng4 Re6 31. d5 1-0

[Event "Ciutat de Sabadell op"]
[Site "Sabadell"]
[Date "2014.09.10"]
[Round "9.6"]
[White "Diaz Camallonga, C."]
[Black "Ayats Llobera, G."]
[Result "1-0"]
[WhiteElo "2309"]
[BlackElo "2030"]
[PlyCount "80"]
[EventDate "2014.09.??"]
[EventType "swiss"]
[EventRounds "9"]
[EventCountry "ESP"]
[Source "Mark Crowther"]
[SourceDate "2014.09.15"]

1. e4 c5 2. Nf3 Nc6 3. d4 cxd4 4. Nxd4 d6 5. c4 Nf6 6. Nc3 e6 7. Be3 Be7 8. Be2
O-O 9. O-O Qc7 10. Rc1 Bd7 11. f3 a6 12. Nd5 Qd8 13. Nxc6 Bxc6 14. Nxe7+ Qxe7
15. Qc2 Rac8 16. Rfd1 Ne8 17. Bd3 Qc7 18. b4 Qb8 19. e5 f5 20. exd6 Nxd6 21.
Bf4 Qa7+ 22. c5 Nf7 23. Bc4 Rce8 24. Qb3 e5 25. Be3 f4 26. Bf2 Qb8 27. a4 Rd8
28. b5 axb5 29. axb5 Be8 30. Rxd8 Qxd8 31. c6 bxc6 32. b6 Qb8 33. Bc5 g5 34.
Qa3 e4 35. fxe4 f3 36. Qxf3 Kg7 37. Bd4+ Ne5 38. Qg3 Kg6 39. Qxe5 Qxe5 40. Bxe5
Rf1+ 1-0

[Event "Ciutat de Sabadell op"]
[Site "Sabadell"]
[Date "2014.09.10"]
[Round "9.7"]
[White "Capellades Subirana, M."]
[Black "Ortega Serra, M."]
[Result "0-1"]
[WhiteElo "2160"]
[BlackElo "2200"]
[PlyCount "92"]
[EventDate "2014.09.??"]
[EventType "swiss"]
[EventRounds "9"]
[EventCountry "ESP"]
[Source "Mark Crowther"]
[SourceDate "2014.09.15"]

1. e4 e6 2. d4 d5 3. e5 c5 4. c3 Nc6 5. Nf3 Qb6 6. a3 a5 7. Bd3 Bd7 8. O-O Be7
9. Nbd2 f6 10. Re1 fxe5 11. Nxe5 Nxe5 12. dxe5 O-O-O 13. b4 Nh6 14. Rb1 Rhf8
15. bxa5 Qxa5 16. Nb3 Qc7 17. Bxh7 Nf5 18. Qg4 g6 19. Bg5 Rh8 20. Bxg6 Rdg8 21.
Qxf5 exf5 22. Bxe7 Rxg6 23. Nxc5 Bc6 24. Bd6 Rxd6 25. exd6 Qxd6 26. Nd3 Qxh2+
27. Kf1 d4 28. cxd4 Qxg2+ 29. Ke2 Qg4+ 30. Kd2 Qxd4 31. Rb4 Qd6 32. Kc3 Rd8 33.
Re3 Be4 34. Rc4+ Kb8 35. Nb4 Qd2+ 36. Kb3 Qd1+ 37. Kc3 Rc8 38. Rxc8+ Kxc8 39.
Rg3 Qe1+ 40. Kb3 Qxf2 41. Rg8+ Kc7 42. Kc4 b5+ 43. Kxb5 Qb6+ 44. Ka4 Bc6+ 45.
Kb3 Bd5+ 46. Ka4 Qa7+ 0-1

[Event "Lliga Catalana DH Final A"]
[Site "?"]
[Date "2015.03.21"]
[Round "9.1"]
[White "Magem Badals, J."]
[Black "Peralta, F."]
[Result "1/2-1/2"]
[WhiteElo "2590"]
[BlackElo "2575"]
[PlyCount "63"]
[EventDate "2015.??.??"]
[EventType "team"]

1. d4 d6 2. c4 e5 3. Nc3 exd4 4. Qxd4 Nc6 5. Qd2 Nf6 6. Nf3 g6 7. b3 Bg7 8. Bb2
O-O 9. g3 Bf5 10. Nh4 Be6 11. Bg2 a5 12. O-O a4 13. Nd5 Ne5 14. Rfd1 c6 15. Ne3
axb3 16. axb3 Qb6 17. Qxd6 Rxa1 18. Bxa1 Nfg4 19. Nxg4 Nxg4 20. c5 Qxb3 21.
Bxg7 Kxg7 22. Qd4+ Kg8 23. h3 Ne5 24. Qa1 Nd7 25. Rb1 Qc4 26. Rxb7 Nxc5 27. Rb6
Qxe2 28. Rxc6 Rd8 29. Bf3 Qb5 30. Bg2 Qe2 31. Bf3 Qb5 32. Bg2 1/2-1/2

[Event "Lliga Catalana DH Final A"]
[Site "?"]
[Date "2015.03.21"]
[Round "9.2"]
[White "Fluvia Poyatos, Joan"]
[Black "Lopez Martinez, JM."]
[Result "1-0"]
[WhiteElo "2551"]
[BlackElo "2571"]
[PlyCount "83"]
[EventDate "2015.??.??"]
[EventType "team"]

1. e4 c5 2. Nf3 e6 3. d4 cxd4 4. Nxd4 a6 5. Bd3 Nf6 6. O-O Qc7 7. Kh1 d6 8. f4
Nbd7 9. Nd2 b6 10. Qe2 Bb7 11. c4 Be7 12. b3 h5 13. Bb2 h4 14. b4 h3 15. g4 Nf8
16. f5 e5 17. Nc2 b5 18. cxb5 axb5 19. Na3 N8d7 20. Nxb5 Qb8 21. g5 Nh5 22. Qg4
Nf4 23. Rxf4 exf4 24. f6 gxf6 25. gxf6 Bf8 26. Nf3 Rh6 27. Qxf4 Rg6 28. Nh4 Ne5
29. Nxd6+ Bxd6 30. Bxe5 Rxf6 31. Qxf6 Bxe5 32. Bb5+ Kf8 33. Ng6+ Kg8 34. Ne7+
Kf8 35. Ng6+ Kg8 36. Nxe5 Bxe4+ 37. Kg1 Qxb5 38. Qxf7+ Kh8 39. Qf6+ Kg8 40.
Qg5+ Kh7 41. Qh4+ Kg7 42. Qxe4 1-0

[Event "Lliga Catalana DH Final A"]
[Site "?"]
[Date "2015.03.21"]
[Round "9.3"]
[White "Alonso Rosell, A."]
[Black "Fluvia Poyatos, Jordi"]
[Result "1/2-1/2"]
[WhiteElo "2578"]
[BlackElo "2477"]
[PlyCount "53"]
[EventDate "2015.??.??"]
[EventType "team"]

1. Nf3 Nf6 2. c4 g6 3. Nc3 d5 4. Qa4+ Nc6 5. cxd5 Nxd5 6. Ne5 Qd6 7. Nxc6 Qxc6
8. Qxc6+ bxc6 9. g3 Bg7 10. Bg2 Be6 11. Ne4 Nb4 12. O-O O-O-O 13. Rb1 Bxa2 14.
Ra1 Bd4 15. d3 Bb3 16. Be3 Bb6 17. Nd2 Bd5 18. Rfc1 a5 19. Nc4 Bxc4 20. Rxc4
Kd7 21. Bd2 c5 22. Be3 Kd6 23. Rac1 Na2 24. Ra1 Nb4 25. Rac1 Na2 26. Ra1 Nb4
27. Rac1 1/2-1/2

[Event "Lliga Catalana DH Final A"]
[Site "?"]
[Date "2015.03.21"]
[Round "9.4"]
[White "Panelo Muñoz, MA."]
[Black "Comas Fabrego, L."]
[Result "0-1"]
[WhiteElo "2457"]
[BlackElo "2580"]
[PlyCount "64"]
[EventDate "2015.??.??"]
[EventType "team"]

1. d4 Nf6 2. c4 g6 3. Nc3 Bg7 4. e4 d6 5. f3 O-O 6. Nge2 e5 7. Be3 c6 8. d5
cxd5 9. cxd5 a6 10. Qd2 Nbd7 11. g4 h5 12. h3 Nh7 13. O-O-O h4 14. Rg1 b5 15.
Kb1 Nb6 16. Nc1 b4 17. Qf2 Rb8 18. N3e2 Nc4 19. g5 Nxe3 20. Qxe3 Re8 21. Nb3
Bf8 22. Nd2 Be7 23. Qf2 Nxg5 24. f4 exf4 25. Nxf4 Bf6 26. Bg2 Bg7 27. Rge1 Qf6
28. Nc4 Nxe4 29. Rxe4 Bf5 30. Rde1 Rbc8 31. Nb6 Rxe4 32. Bxe4 Re8 0-1

[Event "Lliga Catalana DH Final A"]
[Site "?"]
[Date "2015.03.21"]
[Round "9.5"]
[White "Perpinya Rofes, LM."]
[Black "Jose Abril, R."]
[Result "1-0"]
[WhiteElo "2443"]
[BlackElo "2400"]
[PlyCount "59"]
[EventDate "2015.??.??"]
[EventType "team"]

1. e4 c5 2. Nc3 Nc6 3. Nge2 Nf6 4. d4 cxd4 5. Nxd4 e5 6. Ndb5 d6 7. Nd5 Nxd5 8.
exd5 Nb8 9. Qf3 a6 10. Qa3 Be7 11. Bg5 b6 12. Bxe7 Kxe7 13. c4 Bb7 14. Nc3 Nd7
15. Be2 Re8 16. O-O Qc7 17. Ne4 Nf6 18. Qe3 Nd7 19. f4 Kf8 20. Kh1 exf4 21.
Qxf4 Ne5 22. Bh5 Re7 23. Rad1 Kg8 24. b3 Rf8 25. Be2 Rfe8 26. Bd3 Nxd3 27. Nf6+
gxf6 28. Rxd3 f5 29. Qg5+ Kf8 30. Qh6+ 1-0

[Event "Lliga Catalana DH Final A"]
[Site "?"]
[Date "2015.03.21"]
[Round "9.6"]
[White "Oms Fuentes, L."]
[Black "Rojas Keim, LA."]
[Result "1/2-1/2"]
[WhiteElo "2378"]
[BlackElo "2468"]
[PlyCount "69"]
[EventDate "2015.??.??"]
[EventType "team"]

1. e4 d6 2. d4 Nf6 3. Nc3 c6 4. Nf3 g6 5. h3 Bg7 6. Be3 O-O 7. Bd3 Nbd7 8. a4
e5 9. dxe5 dxe5 10. O-O Qe7 11. Qe2 Nh5 12. Bc4 Nf4 13. Bxf4 exf4 14. Rfd1 Ne5
15. Bb3 g5 16. Nxe5 Bxe5 17. Qh5 Qf6 18. Rd3 Qg6 19. Qxg6+ hxg6 20. a5 Re8 21.
Na4 Bc7 22. Nc5 Re5 23. Nxb7 Rxe4 24. Nd6 Re7 25. Nxc8 Rxc8 26. Bc4 Rce8 27.
Rdd1 Re5 28. a6 R8e7 29. Kf1 Kg7 30. Re1 f5 31. Rad1 g4 32. Rxe5 Bxe5 33. hxg4
fxg4 34. Be2 Bxb2 35. Kg1 1/2-1/2

[Event "Lliga Catalana DH Final A"]
[Site "?"]
[Date "2015.03.21"]
[Round "9.7"]
[White "Lorenzo de la Riva, L."]
[Black "Raineri de Luca, P."]
[Result "1-0"]
[WhiteElo "2428"]
[BlackElo "2374"]
[PlyCount "99"]
[EventDate "2015.??.??"]
[EventType "team"]

1. e4 c6 2. d4 d5 3. e5 Bf5 4. h4 h6 5. g4 Bd7 6. h5 Qc8 7. Be2 c5 8. c3 Nc6 9.
Be3 e6 10. f4 Na5 11. Nd2 cxd4 12. cxd4 Qd8 13. Ngf3 Rc8 14. Rc1 Bb4 15. Rxc8
Qxc8 16. Kf2 Ne7 17. a3 Bxd2 18. Bxd2 Qc7 19. Bb4 Nec6 20. Bc5 Ne7 21. b3 b6
22. Bb4 Nac6 23. Bd6 Qb7 24. Qd2 Nc8 25. Bb4 Nxb4 26. Qxb4 a5 27. Qd2 Na7 28.
Rc1 Bb5 29. Bxb5+ Nxb5 30. a4 Na7 31. f5 Nc6 32. Qc2 Kd7 33. fxe6+ fxe6 34. Qg6
Ne7 35. Qxg7 Rg8 36. Qxh6 Rxg4 37. Qf6 Qb8 38. Rg1 Rxg1 39. Nxg1 Qg8 40. Nf3
Qh7 41. Qxe6+ Ke8 42. h6 Qc2+ 43. Kg3 Kf8 44. Qf6+ Ke8 45. e6 Nf5+ 46. Kh3 Nd6
47. Qh8+ Ke7 48. Qg7+ Kxe6 49. Ng5+ Kf5 50. Qf7+ 1-0

[Event "Lliga Catalana DH Final A"]
[Site "?"]
[Date "2015.03.21"]
[Round "9.8"]
[White "Iglesias Romero, J."]
[Black "Rahal, M."]
[Result "1/2-1/2"]
[WhiteElo "2365"]
[BlackElo "2437"]
[PlyCount "44"]
[EventDate "2015.??.??"]
[EventType "team"]

1. e4 e6 2. d4 d5 3. Nc3 dxe4 4. Nxe4 Bd7 5. Bd3 Bc6 6. Nf3 Nd7 7. Bf4 Ngf6 8.
Ned2 Be7 9. O-O Bxf3 10. Qxf3 c6 11. Qh3 Nd5 12. Be3 Nb4 13. Be4 Nf6 14. Qf3
Nxe4 15. Qxe4 Qd5 16. c3 Qxe4 17. Nxe4 Nd5 18. Bg5 f6 19. Bd2 b5 20. b3 Kf7 21.
Rac1 Rhd8 22. Ra1 Ke8 1/2-1/2

[Event "Lliga Catalana DH Final A"]
[Site "?"]
[Date "2015.03.21"]
[Round "9.9"]
[White "Colon Garcia, E."]
[Black "Gutierrez Clares, J."]
[Result "1/2-1/2"]
[WhiteElo "2398"]
[BlackElo "2328"]
[PlyCount "46"]
[EventDate "2015.??.??"]
[EventType "team"]

1. d4 Nf6 2. c4 g6 3. Nc3 Bg7 4. e4 d6 5. Nf3 O-O 6. Be2 Na6 7. Bg5 h6 8. Bh4
c6 9. O-O g5 10. Bg3 Nh5 11. Ne1 Nxg3 12. hxg3 Qb6 13. Nc2 Nb4 14. Na4 Qa5 15.
Nxb4 Qxb4 16. a3 Qa5 17. b4 Qd8 18. Rc1 Bd7 19. c5 b6 20. d5 dxc5 21. bxc5 cxd5
22. exd5 bxc5 23. Nxc5 Bf5 1/2-1/2

[Event "Lliga Catalana DH Final A"]
[Site "?"]
[Date "2015.03.21"]
[Round "9.10"]
[White "Fernandez Madrid, C."]
[Black "Diaz Camallonga, C."]
[Result "1/2-1/2"]
[WhiteElo "2270"]
[BlackElo "2411"]
[PlyCount "77"]
[EventDate "2015.??.??"]
[EventType "team"]

1. c4 Nf6 2. Nf3 e6 3. g3 b6 4. Bg2 Bb7 5. b3 c5 6. O-O Be7 7. Bb2 O-O 8. Qc2
Nc6 9. Nc3 Rc8 10. Rad1 Qc7 11. Qb1 a6 12. e3 Rfd8 13. Ne2 d5 14. cxd5 exd5 15.
d4 c4 16. bxc4 dxc4 17. e4 Nb4 18. Ne5 Nd7 19. Nxd7 Qxd7 20. d5 Bc5 21. Nf4 Qa4
22. Bxg7 Kxg7 23. Qb2+ Kg8 24. Nh5 c3 25. Qe2 Rd6 26. e5 Rg6 27. Nf6+ Kg7 28.
Be4 c2 29. Rd2 Qb5 30. a3 Qxe2 31. Rxe2 Nxd5 32. Nxd5 Bxd5 33. Bxg6 Bc4 34.
Rxc2 hxg6 35. Rxc4 Bxf2+ 36. Rxf2 Rxc4 37. Rf6 Rc1+ 38. Kg2 Rb1 39. Rc6 1/2-1/2

[Event "Lliga Catalana DH Final B"]
[Site "?"]
[Date "2015.03.14"]
[Round "8.1"]
[White "Cuartas Medina, JA."]
[Black "Beltran Rueda, S."]
[Result "1/2-1/2"]
[WhiteElo "2541"]
[BlackElo "2459"]
[PlyCount "102"]
[EventDate "2015.??.??"]
[EventType "team"]

1. e4 e5 2. Nf3 Nf6 3. d4 Nxe4 4. Bd3 d5 5. Nxe5 Nd7 6. Nxd7 Bxd7 7. O-O Bd6 8.
Nc3 Qh4 9. g3 Nxc3 10. bxc3 Qg4 11. Re1+ Kf8 12. Qxg4 Bxg4 13. Rb1 b6 14. Bb5
Bf5 15. Bc6 Rd8 16. Re2 Bg4 17. Re1 Bf5 18. Rb2 h6 19. f3 g5 20. a4 Ba3 21. Rb5
Bxc1 22. Rxc1 Be6 23. Rb2 Ke7 24. a5 Kd6 25. Bb5 Bf5 26. Bf1 Ke7 27. Ra1 Rd6
28. axb6 axb6 29. Bb5 c5 30. Ra7+ Kf6 31. Ba6 c4 32. Bb5 h5 33. Ra1 Kg7 34.
Rba2 g4 35. fxg4 hxg4 36. Rf1 Rf6 37. Rf4 Kg6 38. Ra7 Rd8 39. Ra6 Rdd6 40. Ra8
Kg7 41. Ra1 Bg6 42. Raf1 Rxf4 43. Rxf4 Bxc2 44. Rxg4+ Kf8 45. Rg5 Be4 46. Re5
Rf6 47. Bxc4 dxc4 48. Rxe4 Rf3 49. d5 Rxc3 50. d6 Rd3 51. Rxc4 Rxd6 1/2-1/2

[Event "Lliga Catalana DH Final B"]
[Site "?"]
[Date "2015.03.14"]
[Round "8.2"]
[White "Lacasa Diaz, JA."]
[Black "Matnadze, A."]
[Result "1-0"]
[WhiteElo "2426"]
[BlackElo "2499"]
[PlyCount "107"]
[EventDate "2015.??.??"]
[EventType "team"]

1. e4 c5 2. Nf3 d6 3. d4 cxd4 4. Nxd4 Nf6 5. Nc3 Nc6 6. f3 e5 7. Nb3 Be7 8. Be3
Be6 9. Nd5 Bxd5 10. exd5 Nb4 11. c4 a5 12. Qd2 b6 13. Be2 O-O 14. O-O Nd7 15.
f4 exf4 16. Bxf4 Ne5 17. Nd4 Rc8 18. a3 Na6 19. b4 Nb8 20. Rac1 Bf6 21. Kh1 h5
22. Nb5 h4 23. h3 Qe7 24. Rfe1 axb4 25. axb4 Rfe8 26. Bg4 Rcd8 27. Bf5 g6 28.
Bb1 Qd7 29. Ba2 Na6 30. Bb3 Qf5 31. Nd4 Qd3 32. Ba4 Rf8 33. Nc6 Qxd2 34. Bxd2
Nd3 35. Nxd8 Rxd8 36. Bb5 Nc7 37. Bc6 Nxc1 38. Rxc1 Na6 39. Rb1 Nb8 40. Be3
Nxc6 41. dxc6 Rc8 42. b5 Bd8 43. Ra1 Bc7 44. Ra7 Kg7 45. Rb7 Kf6 46. Bxb6 Bxb6
47. Rxb6 Ke5 48. Rb7 f5 49. c7 Kf4 50. b6 Re8 51. Rb8 Re1+ 52. Kh2 g5 53. c8=Q
g4 54. hxg4 1-0

[Event "Lliga Catalana DH Final B"]
[Site "?"]
[Date "2015.03.14"]
[Round "8.3"]
[White "Exposito Amaro, J."]
[Black "Fernandez Aguado, E."]
[Result "1-0"]
[WhiteElo "2436"]
[BlackElo "2388"]
[PlyCount "49"]
[EventDate "2015.??.??"]
[EventType "team"]

1. e4 e5 2. Nf3 Nc6 3. d4 exd4 4. Bc4 Bc5 5. c3 Nf6 6. cxd4 Bb4+ 7. Bd2 Bxd2+
8. Nbxd2 d5 9. exd5 Nxd5 10. O-O O-O 11. Rc1 Bg4 12. h3 Bxf3 13. Nxf3 Qd6 14.
Ne5 Nde7 15. Qf3 Nxd4 16. Bxf7+ Kh8 17. Qe4 Nef5 18. Rc4 Qf6 19. Rxc7 Nb5 20.
Rd7 Nbd6 21. Qd5 Rad8 22. Rd1 Qh4 23. Rxd8 Rxd8 24. Be6 Qf6 25. Ng4 1-0